logo

Bir Sreshtho Munshi Abdur Rouf Library
Jhenaidah Cadet College

How to talk to anyone : (Record no. 4366)

MARC details
000 -LEADER
fixed length control field 01074cam a22003014a 4500
001 - CONTROL NUMBER
JCCL Control Number 4366
003 - CONTROL NUMBER IDENTIFIER
JCCL marc code BD-JhCC
005 - DATE AND TIME OF LATEST TRANSACTION
control field 20181026134006.0
008 - FIXED-LENGTH DATA ELEMENTS--GENERAL INFORMATION
fixed length control field 030519s2003 ilu b 000 0 eng
020 ## - INTERNATIONAL STANDARD BOOK NUMBER
International Standard Book Number 007141858X
035 ## - SYSTEM CONTROL NUMBER
system control number (BD-JhCC)4366
040 ## - CATALOGING SOURCE
Original cataloging agency DLC
Transcribing agency DLC
Modifying agency DLC
041 ## - LANGUAGE CODE
Language code of Book eng
050 00 - LIBRARY OF CONGRESS CALL NUMBER
Classification number HM1166
Item number .L68 2003
082 00 - DEWEY DECIMAL CLASSIFICATION NUMBER
Classification number 302.2
DDC Edition number 21
Author mark and Year LOW 2003
100 1# - MAIN ENTRY--PERSONAL NAME
Personal name Lowndes, Leil.
245 10 - TITLE STATEMENT
Title How to talk to anyone :
Remainder of title 92 little tricks for big success in relationships /
Statement of responsibility, etc Leil Lowndes.
260 ## - PUBLICATION, DISTRIBUTION, ETC. (IMPRINT)
Place of publication, distribution, etc Chicago, Ill. :
Name of publisher, distributor, etc Contemporary Books,
Date of publication, distribution, etc c2003.
300 ## - PHYSICAL DESCRIPTION
Pagination xv, 345 p. ;
Dimensions 21 cm.
504 ## - BIBLIOGRAPHY, ETC. NOTE
Bibliography, etc Includes bibliographical references p. (343-345).
650 #0 - SUBJECT ADDED ENTRY--TOPICAL TERM
Topical term or geographic name as entry element Interpersonal communication.
650 #0 - SUBJECT ADDED ENTRY--TOPICAL TERM
Topical term or geographic name as entry element Body language.
856 42 - ELECTRONIC LOCATION AND ACCESS
Materials specified Contributor biographical information
Uniform Resource Identifier http://www.loc.gov/catdir/bios/mh042/2003011300.html
856 41 - ELECTRONIC LOCATION AND ACCESS
Materials specified Table of contents
Uniform Resource Identifier http://www.loc.gov/catdir/toc/ecip044/2003011300.html
856 42 - ELECTRONIC LOCATION AND ACCESS
Materials specified Publisher description
Uniform Resource Identifier http://www.loc.gov/catdir/description/mh031/2003011300.html
942 ## - ADDED ENTRY ELEMENTS (KOHA)
Source of classification or shelving scheme Dewey Decimal Classification
Koha item type Books
Koha issues (borrowed), all copies 4
Holdings
Source of classification or shelving scheme Damaged status Not for loan Home library Current library Shelving location Date of accession Cost, normal purchase price Total Checkouts Full call number Barcode Checked out Date last seen Date checked out Copy number Koha item type
Dewey Decimal Classification     JCC Rouf Library JCC Rouf Library General Stacks 11/26/2017 538.00 4 302.2 LOW 2003 6303 11/12/2018 10/25/2018 10/25/2018 C-1 Books

JCC Library | Contacts | JCC Home

Last Update on 23 September 2017
Copyright @ 2017-2020 JCC Rouf Library
Rouf Library, Jhenidah Cadet College (JCC), Bangladesh